Les Suisses célèbres - Statistiques

Statistiques générales
  • Ce quiz a été pris 103 fois
  • Le résultat moyen est 5 sur 24
Statistiques - réponses
Par images Réponse % Correct
Roger Federer
98%
Stanislas Wawrinka
70%
Henri Des
56%
Stéphane Eicher
39%
Didier Cuche
32%
Auguste Piccard
30%
Fabian Cancellara
26%
Ursula Andress
24%
Pirmin Zurbriggen
19%
Verena dite Vreni Schneider
12%
Jean-François Balmer
10%
Michel Simon
10%
Saint Nicolas de Flüe
10%
Ferdi Kübler
8%
Carl Gustav Jung
6%
Paul Mercey
4%
Paul Klee
3%
Marguerite Bays
2%
Constantin Siegwart-Müller
1%
Jean-Ulrich de Salis-Soglio
1%
Johann August Sutter
1%
Patrick Moraz
1%
Francesco Chiesa
0%
Mgr François Charrière
0%
Aucun quiz correspondant
Distribution des résultats
% des personnes avec chaque résultat
Percentile par nombre de réponses
Votre historique - résultats
Vous n’avez pas pris ce quiz